<?xml version="1.0" encoding="UTF-8"?>
<record
    xmlns:xsi="http://www.w3.org/2001/XMLSchema-instance"
    xsi:schemaLocation="http://www.loc.gov/MARC21/slim http://www.loc.gov/standards/marcxml/schema/MARC21slim.xsd"
    xmlns="http://www.loc.gov/MARC21/slim">

  <leader>01926nam a22002897a 4500</leader>
  <controlfield tag="005">2012050800420.0</controlfield>
  <datafield tag="010" ind1=" " ind2=" ">
    <subfield code="a">B-472405-08   B-483273</subfield>
  </datafield>
  <datafield tag="020" ind1=" " ind2=" ">
    <subfield code="c">60.00</subfield>
  </datafield>
  <datafield tag="035" ind1=" " ind2=" ">
    <subfield code="a">B-472405-08   B-483273</subfield>
  </datafield>
  <datafield tag="037" ind1=" " ind2=" ">
    <subfield code="b">BPPD</subfield>
  </datafield>
  <datafield tag="082" ind1=" " ind2=" ">
    <subfield code="a">270</subfield>
  </datafield>
  <datafield tag="100" ind1=" " ind2=" ">
    <subfield code="a">&#x645;&#x648; &#x644;&#x641;: &#x627;&#x633;&#x631; &#x627;&#x631; &#x627;&#x62D;&#x645;&#x62F;</subfield>
    <subfield code="9">52749</subfield>
  </datafield>
  <datafield tag="245" ind1=" " ind2=" ">
    <subfield code="a">&#x627;&#x633;&#x644;&#x627; &#x645; &#x645;&#x64A;&#x646; &#x639;&#x648; &#x631; &#x62A; &#x6A9;&#x627; &#x645;&#x642;&#x627; &#x645;</subfield>
    <subfield code="c">&#x645;&#x648; &#x644;&#x641;  :&#x688;&#x627; &#x6A9;&#x679;&#x631; &#x627;&#x633;&#x631; &#x627; &#x631; &#x627;&#x62D;&#x645;&#x62F; </subfield>
  </datafield>
  <datafield tag="246" ind1=" " ind2=" ">
    <subfield code="a">Is lam Mein Aurat Ka  Maqam</subfield>
  </datafield>
  <datafield tag="250" ind1=" " ind2=" ">
    <subfield code="a">Ed. by Dr. Israr Ahmed</subfield>
  </datafield>
  <datafield tag="260" ind1=" " ind2=" ">
    <subfield code="a">&#x646;&#x626; &#x62F;&#x6BE;&#x644;&#x6CC;</subfield>
    <subfield code="b"> &#x627; &#x631; &#x64A;&#x628; &#x67E;&#x628;&#x644;&#x64A;&#x6A9;&#x64A;&#x634;&#x646;&#x632;</subfield>
    <subfield code="c">2012</subfield>
  </datafield>
  <datafield tag="270" ind1=" " ind2=" ">
    <subfield code="a">1542&#x60C;&#x67E;&#x679;&#x648; &#x62F;&#x6CC; &#x6C1;&#x627; &#x624;&#x633; &#x62F; &#x631; &#x64A;&#x627; &#x6AF;&#x646;&#x62C;</subfield>
    <subfield code="b">&#x646;&#x626; &#x62F;&#x6BE;&#x644;&#x6CC;</subfield>
    <subfield code="e">110002</subfield>
  </datafield>
  <datafield tag="300" ind1=" " ind2=" ">
    <subfield code="a">152 &#x635;</subfield>
    <subfield code="c">22cm (Pb)    </subfield>
  </datafield>
  <datafield tag="942" ind1=" " ind2=" ">
    <subfield code="2">ddc</subfield>
    <subfield code="c">UR</subfield>
    <subfield code="h">270</subfield>
    <subfield code="m">&#x627; &#x633; &#x644;</subfield>
  </datafield>
  <datafield tag="999" ind1=" " ind2=" ">
    <subfield code="c">66514</subfield>
    <subfield code="d">66514</subfield>
  </datafield>
  <datafield tag="952" ind1=" " ind2=" ">
    <subfield code="0">0</subfield>
    <subfield code="1">3</subfield>
    <subfield code="4">0</subfield>
    <subfield code="7">0</subfield>
    <subfield code="8">NFIC</subfield>
    <subfield code="a">L</subfield>
    <subfield code="b">L</subfield>
    <subfield code="d">2012-05-11</subfield>
    <subfield code="e">Allied Pub./Bill No .2012/CR//01/30./3/12/7/41/30/03/12/30/03/12</subfield>
    <subfield code="g">60.00</subfield>
    <subfield code="l">0</subfield>
    <subfield code="o">270 &#x627; &#x633; &#x644;</subfield>
    <subfield code="p">B-472405</subfield>
    <subfield code="r">2012-05-11 00:00:00</subfield>
    <subfield code="t">1</subfield>
    <subfield code="w">2012-05-11</subfield>
    <subfield code="y">UR</subfield>
  </datafield>
  <datafield tag="952" ind1=" " ind2=" ">
    <subfield code="0">0</subfield>
    <subfield code="1">0</subfield>
    <subfield code="4">0</subfield>
    <subfield code="7">0</subfield>
    <subfield code="8">NFIC</subfield>
    <subfield code="a">BL1</subfield>
    <subfield code="b">BL1</subfield>
    <subfield code="d">2012-05-11</subfield>
    <subfield code="e">Allied Pub./Bill No .2012/CR//01/30./3/12/7/41/30/03/12/30/03/12</subfield>
    <subfield code="g">60.00</subfield>
    <subfield code="l">0</subfield>
    <subfield code="o">270 &#x627; &#x633; &#x644;</subfield>
    <subfield code="p">B-472406</subfield>
    <subfield code="r">2012-05-11 00:00:00</subfield>
    <subfield code="t">1</subfield>
    <subfield code="w">2012-05-11</subfield>
    <subfield code="y">UR</subfield>
  </datafield>
  <datafield tag="952" ind1=" " ind2=" ">
    <subfield code="0">0</subfield>
    <subfield code="1">0</subfield>
    <subfield code="4">0</subfield>
    <subfield code="7">0</subfield>
    <subfield code="8">NFIC</subfield>
    <subfield code="a">ZLS</subfield>
    <subfield code="b">ZLS</subfield>
    <subfield code="d">2012-05-11</subfield>
    <subfield code="e">Allied Pub./Bill No .2012/CR//01/30./3/12/7/41/30/03/12/30/03/12</subfield>
    <subfield code="g">60.00</subfield>
    <subfield code="l">0</subfield>
    <subfield code="o">270 &#x627; &#x633; &#x644;</subfield>
    <subfield code="p">B-472407</subfield>
    <subfield code="r">2012-05-11 00:00:00</subfield>
    <subfield code="t">1</subfield>
    <subfield code="w">2012-05-11</subfield>
    <subfield code="y">UR</subfield>
  </datafield>
  <datafield tag="952" ind1=" " ind2=" ">
    <subfield code="0">0</subfield>
    <subfield code="1">0</subfield>
    <subfield code="4">0</subfield>
    <subfield code="7">0</subfield>
    <subfield code="8">NFIC</subfield>
    <subfield code="a">BN</subfield>
    <subfield code="b">BN</subfield>
    <subfield code="d">2012-05-11</subfield>
    <subfield code="e">Allied Pub./Bill No .2012/CR//01/30./3/12/7/41/30/03/12/30/03/12</subfield>
    <subfield code="g">60.00</subfield>
    <subfield code="l">2</subfield>
    <subfield code="o">270 &#x627; &#x633; &#x644;</subfield>
    <subfield code="p">B-472408</subfield>
    <subfield code="r">2024-04-02 00:00:00</subfield>
    <subfield code="s">2024-03-15</subfield>
    <subfield code="t">1</subfield>
    <subfield code="y">UR</subfield>
  </datafield>
  <datafield tag="952" ind1=" " ind2=" ">
    <subfield code="0">0</subfield>
    <subfield code="1">0</subfield>
    <subfield code="4">0</subfield>
    <subfield code="7">0</subfield>
    <subfield code="8">NFIC</subfield>
    <subfield code="a">M</subfield>
    <subfield code="b">M</subfield>
    <subfield code="d">2012-10-01</subfield>
    <subfield code="e">Allied Pub./7/41/121/20.03.12/cr/02/17.04.12/19.06.12</subfield>
    <subfield code="g">60.00</subfield>
    <subfield code="l">0</subfield>
    <subfield code="o">270 &#x627; &#x633; &#x644;</subfield>
    <subfield code="p">B-483273</subfield>
    <subfield code="r">2012-10-01 00:00:00</subfield>
    <subfield code="t">1</subfield>
    <subfield code="v">60.00</subfield>
    <subfield code="w">2012-10-01</subfield>
    <subfield code="y">UR</subfield>
  </datafield>
</record>
